000 00909nam a22002417a 4500
003 NALT
005 20251125232952.0
008 s2548 th tha d
020 _a974934488x
040 _aNALT
041 _atha
050 _aJQ 1749.A79
_bพ248ป 2548
100 0 _aพรพล เอกอรรถพร
_955783
245 1 0 _aเปิดโปง...กลโกงเลือกตั้ง /
_cพรพล เอกอรรถพร.
260 _aกรุงเทพฯ :
_bฃอคิดด้วยฅน,
_c2548
300 _a140 หน้า ;
_c21 ซม.
500 _aหนังสือแนะนำ
650 0 4 _aการเลือกตั้ง -- การทุจริต
850 _aNALT
856 4 0 _uhttps://hdl.handle.net/20.500.14156/336788
942 _cGB
_2lcc
999 _c45714
_d45714
998 _j109
_k อารีรัตน์ วิชาช่าง